000 00348 a2200169 4500
001 70124
020 _a8508092709
040 _cAnchieta - Itaigara
100 _aPerry, Kate
240 1 0 _aBilly Bobo
_lpor
245 1 0 _aBilly Bobo
300 _a47
362 0 _a2004
440 1 _aÁtica
650 4 _aLiteratura infanto-juvenil
942 _cBK
999 _c70124
_d70124